[Event "GER-ch 11th Seniors"]
[Site "Germany"]
[Date "1999.??.??"]
[Round "?"]
[White "Maugg, Ludwig"]
[Black "Gelzenleichter, Siegfried"]
[Result "1-0"]
[WhiteElo "2160"]
[BlackElo "2015"]

1.d4 d5 2.c4 c6 3.Nf3 Nf6 4.Nc3 e6 5.e3 Nbd7 6.Bd3 Bd6 7.O-O O-O 8.e4 dxc4
9.Bxc4 e5 10.Bg5 Qe7 11.Re1 h6 12.Bh4 Nb6 13.dxe5 Bxe5 14.Nxe5 Qxe5 15.Bg3 Qa5
16.Bb3 Bg4 17.f3 Rad8 18.Qe2 Be6 19.Bxe6 fxe6 20.Rad1 Nh5 21.Bc7 Rxd1 22.Rxd1 Qc5+
23.Qf2 Qg5 24.Ne2 c5 25.Bd6 Rd8 26.h4 Qg6 27.Qxc5 Rc8 28.Qd4 Rc2 29.Rd2 Rxd2
30.Qxd2 Qf6 31.Bc7 Nc4 32.Qc3 Qxc3 33.bxc3 Nf6 34.Nd4 Kf7 35.Kf2 a6 36.Bh2 Nd7
37.Ke2 g6 38.Nb3 b5 39.Bg1 e5 40.Nc5 Nb8 41.Kd3 h5 42.a4 Kf6 43.Nxa6 bxa4
44.Nb4 Nb2+ 45.Kc2 Nc4 46.Nd5+ Ke6 47.Nb6 Nxb6 48.Bxb6 Kd6 49.Kb2 Kc6 50.Be3 Kb5
51.Ka3 Nc6 52.c4+ Kxc4 53.Kxa4 Kd3 54.Bc5 Ke2 55.Kb5 Nd4+ 56.Kc4 Ne6 57.Kd5 Nxc5
58.Kxc5 Kf2 59.Kd5 Kxg2 60.Kxe5 Kxf3 61.Kd5 g5 62.e5 g4 63.e6 g3 64.e7 g2
65.e8=Q g1=Q 66.Qxh5+ Ke3 67.Qg5+  1-0

[Event "GER-ch 11th Seniors"]
[Site "Germany"]
[Date "1999.??.??"]
[Round "?"]
[White "Eckermann, Juergen"]
[Black "Moeckel, Edgar"]
[Result "1/2-1/2"]
[WhiteElo "1855"]
[BlackElo "2105"]

1.d4 d5 2.c4 e6 3.Nf3 Nf6 4.Nc3 c6 5.e3 Nbd7 6.Bd3 dxc4 7.Bxc4 b5 8.Bd3 a6
9.O-O c5 10.b3 Qb6 11.Qe2 Bb7 12.Bb2 Be7 13.Rac1 O-O 14.Rfd1 Rfd8 15.h3 h6
16.Bb1 Rac8 17.dxc5 Bxc5 18.a3 Be7 19.b4 Qa7 20.Ba2 Qa8 21.Ne1 Nb6 22.Rxd8+ Rxd8
23.Rd1 Qc8 24.Rxd8+ Qxd8 25.Qd3 Qxd3 26.Nxd3 Nfd7 27.f3 Bf6 28.Ne2 Bxb2 29.Nxb2  1/2-1/2

[Event "Havana Provincial"]
[Site "Havana"]
[Date "1999.??.??"]
[Round "?"]
[White "Nunez, Antonio"]
[Black "Ibanez, Dagoberto"]
[Result "1/2-1/2"]
[WhiteElo "2345"]
[BlackElo "2235"]

1.d4 d5 2.c4 e6 3.Nc3 Nf6 4.Nf3 c6 5.e3 Nbd7 6.Qc2 Bd6 7.Be2 Qe7 8.O-O O-O
9.e4 dxe4 10.Nxe4 Nxe4 11.Qxe4 e5 12.c5 exd4 13.Qxe7 Bxe7 14.Nxd4 Nxc5 15.Be3 Na4
16.Rfc1 Bf6 17.b3 Nb6 18.Bf3 Rd8 19.Rd1 Nd5 20.Rac1 a5 21.a3 h6 22.h3 Be7
23.a4 Bf6 24.Kf1 Nb4 25.Rd2 Re8 26.g4 Bxd4 27.Rxd4 Be6 28.Bd1 Nd5 29.Bd2 Ne7
30.b4 axb4 31.Rxb4 Rad8 32.Be3 Bc8 33.Bf3 Nd5 34.Bxd5 Rxd5 35.Ra1 Red8 36.Kg2 f6
37.a5 Kf7 38.Rc1 R5d6 39.Kg3 Re8 40.Rc3 g5 41.Rb6 Ree6 42.a6 bxa6 43.Rb8 Re8
44.Rb6 Ree6 45.Rb8 Rd8 46.Rb6 Rdd6  1/2-1/2

[Event "Helsinki-ch"]
[Site "Helsinki"]
[Date "1999.??.??"]
[Round "?"]
[White "Lehikoinen, Pertti Ilari"]
[Black "Kekki, Petri"]
[Result "0-1"]
[WhiteElo "2235"]
[BlackElo "2285"]

1.d4 d5 2.c4 e6 3.Nf3 c6 4.e3 Nf6 5.Nc3 Nbd7 6.Bd3 dxc4 7.Bxc4 b5 8.Bd3 a6
9.e4 c5 10.e5 cxd4 11.Nxb5 axb5 12.exf6 gxf6 13.Be4 Ra6 14.Qxd4 Bc5 15.Qc3 Ra4
16.Nd2 Qc7 17.O-O Rg8 18.Qh3 f5 19.Bf3 Ne5 20.Be2 Qc6 21.Bf3 Nxf3+ 22.Qxf3 Qb6
23.b4 Rxb4 24.Qa8 Qb7 25.Qxb7 Bxb7 26.g3 f4 27.Rd1 fxg3 28.hxg3 Rxg3+ 29.Kf1 Rh3
30.Ba3 Rxa3  0-1

[Event "Hessen-ch int"]
[Site "Hessen"]
[Date "1999.??.??"]
[Round "2"]
[White "Bagaturov, Giorgi"]
[Black "Goessling, Guido"]
[Result "1-0"]
[WhiteElo "2532"]
[BlackElo "2171"]

1.d4 d5 2.c4 c6 3.Nf3 Nf6 4.Nc3 e6 5.e3 Nbd7 6.Bd3 dxc4 7.Bxc4 b5 8.Bd3 a6
9.e4 c5 10.d5 Qc7 11.O-O Bb7 12.Ng5 exd5 13.exd5 Bd6 14.Re1+ Kf8 15.h3 Nb6
16.a4 b4 17.Nce4 Nbxd5 18.Bc4 Rd8 19.Qb3 Be7 20.Ng3 g6 21.Qc2 h6 22.N5e4 Nxe4
23.Nxe4 Nb6 24.Bf1 Kg7 25.b3 Rhe8 26.Bb2+ Kh7 27.Nf6+ Bxf6 28.Bxf6 Rc8 29.Rac1 Nd5
30.Ba1 Rxe1 31.Rxe1 Qf4 32.Bc4 Qg5 33.Re5 Qxg2+ 34.Kxg2 Ne3+ 35.Kg3 Nxc2
36.Re7 Rf8 37.Bf6 Bc8 38.Bxf7 h5 39.Bc4+  1-0

[Event "Hessen-ch int"]
[Site "Hessen"]
[Date "1999.??.??"]
[Round "4"]
[White "Kuenitz, Klaus"]
[Black "Paschmann, Stefan"]
[Result "0-1"]
[WhiteElo "2140"]
[BlackElo "1880"]

1.Nf3 d5 2.d4 Nf6 3.c4 c6 4.Nc3 e6 5.e3 Be7 6.Qc2 Nbd7 7.e4 dxe4 8.Nxe4 O-O
9.Bd3 Nxe4 10.Bxe4 Bb4+ 11.Bd2 Bxd2+ 12.Qxd2 Nf6 13.Bc2 b6 14.O-O Bb7 15.Rad1 Qe7
16.Rfe1 Rad8 17.Ne5 c5 18.d5 Qd6 19.Qd3 exd5 20.Ng4 g6 21.Nh6+ Kg7 22.Qd2 d4
23.Qg5 Kh8 24.Bd3 Ng8 25.Ng4 f6 26.Qh4 Kg7 27.f3 Rde8 28.Nf2 f5 29.f4 Qc6
30.Qg5 Qf6 31.Qg3 Re6 32.Re5 Rfe8 33.Rde1 Nh6 34.Nh3 Nf7 35.Rxe6 Rxe6 36.Rxe6 Qxe6
37.Ng5 Qe7 38.Nf3 Qe3+  0-1

[Event "Hessen-ch int"]
[Site "Hessen"]
[Date "1999.??.??"]
[Round "6"]
[White "Kachiani Gersinska, Ketino"]
[Black "Maahs, Erich"]
[Result "1-0"]
[WhiteElo "2425"]
[BlackElo "2225"]

1.d4 d5 2.c4 c6 3.Nf3 Nf6 4.Nc3 e6 5.e3 Nbd7 6.Qc2 Bb4 7.Bd3 O-O 8.Bd2 Qe7
9.a3 Bd6 10.O-O e5 11.cxd5 cxd5 12.e4 dxe4 13.Nxe4 Nxe4 14.Bxe4 Nf6 15.dxe5 Bxe5
16.Rfe1 Nxe4 17.Qxe4 f6 18.Bb4  1-0

[Event "Hessen-ch int"]
[Site "Hessen"]
[Date "1999.??.??"]
[Round "8"]
[White "Kuenitz, Klaus"]
[Black "Wrede, Michael"]
[Result "1/2-1/2"]
[WhiteElo "2140"]
[BlackElo "1835"]

1.Nf3 d5 2.d4 Nf6 3.c4 e6 4.Nc3 c6 5.e3 Bd6 6.Qc2 Nbd7 7.e4 dxe4 8.Nxe4 Nxe4
9.Qxe4 Nf6 10.Qc2 h6 11.Bd3 O-O 12.O-O Bd7 13.Ne5 c5 14.Nxd7 Qxd7 15.dxc5 Bxc5
16.Bf4 Rfd8 17.Rad1 Qe7 18.a3 e5 19.Rfe1 Bd4 20.Qe2 Re8 21.Bc2 Qd7 22.Be3 Rad8
23.Qf3 Qd6 24.b4 Qa6 25.Bxd4 exd4 26.Rxe8+ Rxe8 27.Qd3 Qe6 28.h3 Rd8 29.c5 Kf8
30.Bb3 Qd7 31.Qc4 Kg8 32.b5 Qe7 33.c6 bxc6 34.bxc6 Qc7 35.Ba4 Qd6 36.Bb5 d3
37.Rxd3 Qxd3 38.Qxd3 Rxd3 39.Bxd3 Ne8 40.Kf1 Kf8 41.Bc4 Ke7 42.Ke2 f6 43.Ke3 Kd6
44.Bb5 Ke5 45.Be2 Nc7 46.f4+ Kd6 47.Bf3 f5 48.g4 fxg4 49.hxg4 Ne8 50.Kd4 Nc7
51.Ke4 Nd5 52.f5 Nc7 53.Kf4 Ne8 54.g5 hxg5+ 55.Kxg5 Ke7 56.Kg6 Kf8 57.Bd5 Nc7
58.Be6 Ne8 59.Bd7 Nc7 60.a4 Nd5 61.Kg5 Ke7 62.Be6 Nc7 63.Bc8 Kf7 64.Bd7 Kf8
65.Be6 Ke7 66.Bc4 Ne8 67.Kg6 Kf8 68.Be6 Nc7 69.Bc8 Nd5 70.Bd7 Ne7+ 71.Kg5 Nd5
72.Be6 Nc7 73.Kf4 Ke7 74.Ke5 Ne8 75.Bd5 Nc7 76.Be4 Ne8 77.Bd3 Nc7 78.Be2 Na8
79.Kd5 Nb6+ 80.Kc5 Nxa4+ 81.Kb5 Nb6 82.Ka6 Kd6 83.Kb7 Nd5 84.Bf3 Nc7 85.Kxa7 Ne8
86.Kb7 Nc7 87.Kc8 Nb5 88.Kd8 Nc7 89.Bg2 Nb5 90.Ke8 Ke5 91.Bf1 Nd6+ 92.Kf8 Nxf5
93.c7 Nd6 94.Kxg7  1/2-1/2

[Event "HUN-chT9899"]
[Site "HUN"]
[Date "1999.??.??"]
[Round "?"]
[White "Farago, Ivan"]
[Black "Dumitrache, Dragos"]
[Result "1-0"]
[WhiteElo "2530"]
[BlackElo "2420"]

1.d4 d5 2.c4 e6 3.Nc3 c6 4.e3 Nf6 5.Nf3 Nbd7 6.Qc2 b6 7.b3 Bb7 8.Bb2 Be7
9.Bd3 O-O 10.Rd1 Rc8 11.O-O h6 12.Qe2 Qc7 13.Ne5 Nxe5 14.dxe5 Nd7 15.f4 dxc4
16.bxc4 Rfd8 17.Ne4 Nf8 18.Nd6 Bxd6 19.exd6 Qd7 20.c5 f6 21.Bc4 Kh8 22.Qh5 Rb8
23.Rf3 Qe8 24.Qg4 Bc8 25.Rg3 Qf7 26.e4 bxc5 27.Bc3 Rb7 28.Ba5 Re8 29.e5 Nd7
30.Bd3 f5 31.Qf3 Nb6 32.Qxc6 Nd5 33.Bb5 Rg8 34.Kh1 Qd7 35.a4 a6 36.Qxa6 Qf7
37.Qc6 Ra7 38.Bb6 Bd7 39.Qxc5 Rc8 40.Bc7 Raa8 41.Rc1 Nxf4 42.Bxd7 Qxd7 43.Qb5 Qxb5
44.axb5 Ne2 45.b6 Nxc1 46.b7 Ne2 47.Ra3 Rxa3 48.bxc8=Q+ Kh7 49.g3  1-0

[Event "HUN-chT9899"]
[Site "HUN"]
[Date "1999.??.??"]
[Round "?"]
[White "Zsinka, Laszlo"]
[Black "Cosma, Ioan"]
[Result "1/2-1/2"]
[WhiteElo "2365"]
[BlackElo "2480"]

1.d4 d5 2.c4 e6 3.Nc3 c6 4.e3 Nf6 5.Nf3 Nbd7 6.Bd3 dxc4 7.Bxc4 b5 8.Be2 Bb7
9.O-O Be7 10.a3 a5 11.e4 b4 12.e5 bxc3 13.exf6 Bxf6 14.bxc3 c5 15.Bf4 O-O
16.Qb3 Bd5 17.Qb5 cxd4 18.cxd4 Ra7 19.Qa4 Qa8 20.Rfc1 h6 21.Bc7 Nb8 22.Bb6 Rb7
23.Qxa5 Qxa5 24.Bxa5 Nc6 25.Bc3 Rb3 26.Bd1 Rxc3 27.Rxc3 Nxd4 28.Nxd4 Bxd4
29.Rcc1 Bxa1 30.Rxa1 Bc4  1/2-1/2

[Event "HUN-chT9899"]
[Site "HUN"]
[Date "1999.??.??"]
[Round "?"]
[White "Pinter, Jozsef"]
[Black "Kiss, Pal"]
[Result "1-0"]
[WhiteElo "2595"]
[BlackElo "2435"]

1.d4 d5 2.c4 c6 3.e3 Nf6 4.Nc3 e6 5.Nf3 Nbd7 6.Bd3 dxc4 7.Bxc4 b5 8.Bd3 a6
9.e4 c5 10.d5 c4 11.Bc2 Qc7 12.O-O Bc5 13.b3 Bb4 14.Ne2 exd5 15.exd5 O-O
16.bxc4 bxc4 17.Rb1 Bd6 18.Nc3 Ne5 19.h3 Bb7 20.Bg5 Nfd7 21.Nd4 Nc5 22.Nf5 Ned3
23.Bxd3 cxd3 24.Bf6 Bh2+ 25.Kh1 Be5 26.Be7 Rfe8 27.Bxc5 Bxc3 28.Qxd3 Qxc5
29.Rxb7 Bf6 30.Ne3 Bd4 31.Qf5 Rf8 32.Qf3 Rad8 33.Nf5 Kh8 34.Nxd4 Qxd4 35.Rd1 Qa4
36.a3 Kg8 37.d6 Rd7 38.Rc7 h6 39.Qg4 Qxg4 40.hxg4 Rfd8 41.Rc6 Ra8 42.Rd5 a5
43.a4 g5 44.g3 Kg7 45.Kg2 Kf6 46.Kf3 Ke6 47.Ke4 Rad8 48.Re5+ Kf6 49.Kd5 Rb8
50.Rf5+ Kg6 51.Rc7  1-0

[Event "HUN-chT9899"]
[Site "HUN"]
[Date "1999.??.??"]
[Round "?"]
[White "Csiszar, Csaba"]
[Black "Berta, Tibor"]
[Result "1-0"]
[WhiteElo "2410"]
[BlackElo "2200"]

1.d4 d5 2.c4 c6 3.Nf3 Nf6 4.Nc3 e6 5.e3 Nbd7 6.Qc2 Bb4 7.Bd3 O-O 8.O-O b6
9.a3 Bxc3 10.Qxc3 Bb7 11.b4 Qe7 12.Bb2 Rfc8 13.Nd2 c5 14.dxc5 bxc5 15.b5 e5
16.cxd5 Nxd5 17.Qc2 g6 18.Nc4 N5b6 19.f4 e4 20.Be2 f6 21.Rfd1 Rd8 22.Na5 Bd5
23.Nc6 Bxc6 24.bxc6 Nf8 25.Ba6 Kg7 26.Bb7 Rab8 27.h3 h5 28.Qe2 Na4 29.Rab1 Nxb2
30.Rxb2 Rxd1+ 31.Qxd1 Rd8 32.Qc2 f5 33.Ba6 Ne6 34.Rb7 Nc7 35.Qc3+ Kh6 36.Qa5  1-0

[Event "Godal mem"]
[Site "HUN"]
[Date "1999.??.??"]
[Round "5"]
[White "Pap, Janos"]
[Black "Halasz, Ferenc"]
[Result "1/2-1/2"]
[WhiteElo "2145"]
[BlackElo "2090"]

1.d4 d5 2.c4 c6 3.Nc3 Nf6 4.e3 e6 5.Nf3 Nbd7 6.Qc2 Be7 7.Be2 O-O 8.O-O dxc4
9.Bxc4 b5 10.Be2 Bb7 11.Rd1 a6 12.a4 h6 13.e4 b4 14.e5 Nd5 15.Ne4 Rc8 16.Qb3 c5
17.dxc5 Nxc5 18.Nxc5 Bxc5 19.a5 Qe7 20.Bd2 Ba7 21.Rac1 Rxc1 22.Rxc1 Rc8 23.Rxc8+ Bxc8
24.Bc4 Qc5 25.Be1 Bb7 26.Bxd5 Bxd5 27.Qxb4 Qxb4 28.Bxb4 f6  1/2-1/2

[Event "Godal mem"]
[Site "HUN"]
[Date "1999.??.??"]
[Round "8"]
[White "Szecsenyi, Istvan"]
[Black "Toth, Laszlo2"]
[Result "1/2-1/2"]
[WhiteElo "2110"]
[BlackElo "2065"]

1.c4 Nf6 2.Nc3 e6 3.Nf3 c6 4.d4 d5 5.e3 Nbd7 6.Bd3 dxc4 7.Bxc4 Be7 8.O-O O-O
9.b3 b5 10.Bd3 Bb7  1/2-1/2

[Event "Balaton op"]
[Site "Hungary"]
[Date "1999.??.??"]
[Round "3"]
[White "Banhazi, Istvan"]
[Black "Tornai, Imre"]
[Result "1/2-1/2"]
[WhiteElo "2135"]
[BlackElo "2215"]

1.d4 Nf6 2.Nf3 d5 3.c4 e6 4.Nc3 c6 5.e3 Nbd7 6.Bd3 Bd6 7.e4 dxe4 8.Nxe4 Nxe4
9.Bxe4 h6 10.Bc2 Qf6 11.O-O Nf8 12.d5 cxd5 13.cxd5 e5 14.Ba4+ Nd7 15.Nd2 O-O
16.Ne4 Qg6 17.Nxd6 Qxd6 18.f4 b5 19.Bc2 f5 20.fxe5 Nxe5 21.Kh1 Ng4 22.Bf4 Qb6
23.Qd2 Bd7 24.h3 Nf6 25.Rad1  1/2-1/2

[Event "Balaton op"]
[Site "Hungary"]
[Date "1999.??.??"]
[Round "9"]
[White "Horvath, Jeno Kalman"]
[Black "Pal, Geza"]
[Result "0-1"]
[WhiteElo "2165"]
[BlackElo "2275"]

1.d4 d5 2.c4 e6 3.Nc3 c6 4.e3 Nf6 5.Nf3 Nbd7 6.Qc2 Be7 7.b3 Rb8 8.cxd5 exd5
9.Bd3 O-O 10.O-O Re8 11.Bd2 Bd6 12.Rfe1 Nf8 13.e4 dxe4 14.Nxe4 Nxe4 15.Bxe4 Bg4
16.Ne5 Bh5 17.Bc3 Qc7 18.h3 Rbd8 19.Nc4 Be7 20.Ne3 Bf6 21.Nf5 Bg6 22.Ng3 Ne6
23.Bxg6 hxg6 24.Rad1 Rd5 25.Ne4 Be7 26.Ng3 Red8 27.Rxe6 fxe6 28.Qxg6 Bf6
29.Rd3 Qf7 30.Qg4 c5 31.Rf3 cxd4 32.Bd2 a5 33.Ne4 Rf5 34.Rxf5 exf5 35.Qxf5 b6
36.Kf1 Be7 37.Qb5 Qd5 38.Qd3 Rc8 39.Ke2 Ba3 40.g4 Re8 41.f3 Bc5 42.Qc4 Qxc4+
43.bxc4 Bb4 44.Bg5 Be7 45.h4 Bxg5 46.hxg5 a4 47.Kd3 Rf8 48.Nd2 Rf4 49.Ne4 Rxf3+
50.Kxd4 Rf4  0-1

[Event "EU-ch02 blind "]
[Site "Krynica"]
[Date "1999.??.??"]
[Round "1"]
[White "Cabarkapa, Milenko"]
[Black "Rutkauskas, Gediminas"]
[Result "1/2-1/2"]
[WhiteElo "2225"]
[BlackElo "2000"]

1.Nf3 Nf6 2.c4 e6 3.Nc3 d5 4.d4 c6 5.e3 Nbd7 6.Bd3 a6 7.e4 dxc4 8.Bxc4 b5
9.Bd3 c5 10.e5 c4 11.Bc2 Nd5 12.O-O Be7 13.Qe2 Bb7 14.Ne4 Qb6 15.Bg5 Nb4
16.Bxe7 Kxe7 17.Bb1 Bxe4 18.Bxe4 Nd5 19.Bxd5 exd5 20.Qd2 h6 21.Qb4+ Kd8 22.Rfe1 a5
23.Qd2 Re8 24.Qf4 Re7 25.h4 Nf8 26.h5 Ne6 27.Qd2 Rc8 28.Rac1 b4 29.Red1 Rec7
30.Qc2 b3 31.Qb1 c3 32.bxc3 Rxc3 33.Rxc3 Rxc3 34.Qb2 Qb4 35.axb3 Qxb3 36.Qxb3 Rxb3
37.Ra1 Rb5 38.Kf1 Kc7  1/2-1/2

[Event "EU-ch02 blind "]
[Site "Krynica"]
[Date "1999.??.??"]
[Round "4"]
[White "Heinich, Manfred"]
[Black "Wikman, Bengt Ingemar"]
[Result "1-0"]
[WhiteElo "2180"]
[BlackElo "2010"]

1.d4 d5 2.Nf3 Nf6 3.c4 c6 4.Nc3 e6 5.e3 Nbd7 6.Bd3 dxc4 7.Bxc4 b5 8.Bd3 a6
9.e4 c5 10.d5 exd5 11.e5 Ng4 12.Nxd5 Ngxe5 13.O-O Bd6 14.Re1 O-O 15.Bxh7+ Kh8
16.Nxe5 Kxh7 17.Qh5+ Kg8 18.Nc6 Nf6 19.Qh4 Re8 20.Bg5 Bxh2+ 21.Qxh2 Rxe1+
22.Rxe1  1-0

[Event "Leeds Civil Service-ch 9th"]
[Site "Leeds"]
[Date "1999.??.??"]
[Round "1"]
[White "Portman, Carl S"]
[Black "Charter, MR."]
[Result "1/2-1/2"]
[WhiteElo "1820"]
[BlackElo "2045"]

1.d4 d5 2.Nf3 Nf6 3.c4 e6 4.Nc3 c6 5.e3 Nbd7 6.Qc2 Bb4 7.a3 Bxc3+ 8.bxc3 Ne4
9.a4 Qa5 10.Bd2 Ndf6 11.cxd5 exd5 12.c4 Nxd2 13.Qxd2 Qxd2+ 14.Nxd2 O-O 15.Be2 Bf5
16.O-O Rfe8 17.cxd5 cxd5 18.Rfc1 Rac8 19.h3 Rc2 20.Rxc2 Bxc2 21.Bb5 Rc8 22.Rc1 Bf5
23.Rxc8+ Bxc8 24.Bd3 Kf8 25.f3 Ke7 26.Kf2 Bd7 27.Bc2 b5 28.a5 b4 29.e4 Bb5
30.Ke3 h6 31.g4 g5 32.Bb3 Bc6 33.Ba2 Bb7  1/2-1/2

[Event "Lenk op"]
[Site "Lenk"]
[Date "1999.??.??"]
[Round "6"]
[White "Rufener, Markus"]
[Black "Mariano, Elia"]
[Result "1-0"]
[WhiteElo "2118"]
[BlackElo "2254"]

1.d4 d5 2.c4 e6 3.Nc3 c6 4.e3 Nf6 5.Nf3 Bd6 6.Bd3 Nbd7 7.e4 dxe4 8.Nxe4 Nxe4
9.Bxe4 Nf6 10.Bc2 O-O 11.O-O c5 12.Qd3 cxd4 13.Bg5 g6 14.Qxd4 Be7 15.Qh4 Re8
16.Rad1 Nd7 17.Ba4 h5 18.Rd3 Bxg5 19.Nxg5 Qa5 20.Bxd7 Rd8 21.Ne4  1-0

[Event "Miskolc Avas op"]
[Site "Miskolc"]
[Date "1999.??.??"]
[Round "8"]
[White "Meszaros, Andras"]
[Black "Barabas, Tibor"]
[Result "1-0"]
[WhiteElo "2335"]
[BlackElo "2110"]

1.Nf3 d5 2.c4 e6 3.d4 Nf6 4.Nc3 c6 5.e3 Bd6 6.Bd3 Nbd7 7.O-O O-O 8.e4 dxe4
9.Nxe4 Nxe4 10.Bxe4 Nf6 11.Bc2 Qc7 12.Bg5 Ng4 13.h3 Nh2 14.c5 Nxf3+ 15.Qxf3 Be7
16.Bf4 Qd8 17.Rad1 Re8 18.Rfe1 Bf6 19.Be5 Bxe5 20.dxe5 Qa5 21.Bxh7+ Kxh7
22.Qxf7 Rd8 23.b4  1-0

[Event "GER-chJMF"]
[Site "Neumuenster"]
[Date "1999.??.??"]
[Round "?"]
[White "Buhmann, Rainer"]
[Black "Duppel, Matthias"]
[Result "1/2-1/2"]
[WhiteElo "2301"]
[BlackElo "2314"]

1.d4 Nf6 2.c4 e6 3.Nf3 d5 4.Nc3 c6 5.e3 Nbd7 6.Qc2 Bd6 7.Be2 dxc4 8.Bxc4 O-O
9.O-O a6 10.a3 b5 11.Be2 c5 12.dxc5 Nxc5 13.b4 Ncd7 14.Rd1 Qc7 15.Qd2 Be7
16.Bb2 Bb7 17.Rac1 Qb6 18.Qd4 Qxd4 19.Rxd4 Rac8 20.Rdd1 Rfd8 21.h3 Kf8 22.Kf1 Nb6
23.Rxd8+ Bxd8 24.Nd2 Be7 25.Nb3 Ba8 26.Nd2 Ne8 27.Nce4 Rxc1+ 28.Bxc1 f5 29.Nc3 Bf6
30.Bb2 Nd6  1/2-1/2

[Event "South Wales 3rd"]
[Site "Newport"]
[Date "1999.??.??"]
[Round "5"]
[White "Cobb, James"]
[Black "Cast, Abigail"]
[Result "1-0"]
[WhiteElo "2345"]
[BlackElo "2115"]

1.Nf3 Nf6 2.c4 c6 3.d4 d5 4.Nc3 e6 5.e3 Be7 6.Bd3 Nbd7 7.O-O O-O 8.b3 Re8
9.Bb2 a5 10.e4 dxe4 11.Nxe4 Nxe4 12.Bxe4 Nf6 13.Bc2 c5 14.Qe2 Bd7 15.dxc5 Bxc5
16.Rad1 Be7 17.Bxf6 Bxf6 18.Qe4  1-0

[Event "South Wales 3rd"]
[Site "Newport"]
[Date "1999.??.??"]
[Round "7"]
[White "Cobb, Charles"]
[Black "Cast, Abigail"]
[Result "1-0"]
[WhiteElo "2270"]
[BlackElo "2115"]

1.c4 c6 2.d4 d5 3.Nf3 Nf6 4.Nc3 e6 5.e3 Bd6 6.Bd3 O-O 7.O-O Nbd7 8.e4 dxe4
9.Nxe4 Nxe4 10.Bxe4 Nf6 11.Bc2 b6 12.Qd3 h6 13.b3 Bb7 14.Bb2 Re8 15.Rfe1 Qc7
16.Rad1 Rad8 17.h3 Ba6 18.Ne5 h5 19.Qf3 Bb7 20.Qe2 Bc8 21.Rd3 c5 22.dxc5 Bxc5
23.Rg3 Bd4 24.Bxd4 Rxd4 25.Qe3 h4 26.Rxg7+ Kxg7 27.Qg5+  1-0

[Event "RUS-ch sf"]
[Site "Novosibirsk"]
[Date "1999.??.??"]
[Round "1"]
[White "Belozerov, Andrei"]
[Black "Pridorozhni, Aleksei"]
[Result "1-0"]
[WhiteElo "2437"]
[BlackElo "2302"]

1.d4 d5 2.c4 c6 3.Nc3 Nf6 4.e3 e6 5.Nf3 Nbd7 6.Bd3 Bd6 7.e4 dxe4 8.Nxe4 Nxe4
9.Bxe4 e5 10.O-O Qc7 11.Bg5 h6 12.Bh4 c5 13.dxc5 Nxc5 14.Bd5 a5 15.Re1 O-O
16.Bg3 Bg4 17.Re3 Rae8 18.Qc2 Kh8 19.Nh4 Ne6 20.Qe4 Nf4 21.Bxb7 Rb8 22.h3 Bd7
23.c5 Bxc5 24.Rc3 Rxb7 25.Rxc5 Qxc5 26.Qxb7 Bc6 27.Qc7 Nxg2 28.Nf5 Nf4 29.Qe7 Qxe7
30.Nxe7 Bf3 31.Kh2 g6 32.Re1 Nd3 33.Bxe5+ Kh7 34.Re3 Nxe5 35.Rxe5 Rb8 36.Re3 Ba8
37.b3 Kg7 38.Rd3 Re8 39.Rd7 Kf6 40.Nd5+ Ke6 41.Nb6 Rb8 42.Ra7 Bc6 43.Nc4 a4
44.Ra6 axb3 45.Rxc6+ Kd5 46.Rc7 b2 47.Nd2 Ra8 48.Rxf7 Kd4 49.Rf3 Rxa2 50.Kg2 g5
51.Rb3 h5 52.Kg3 g4 53.hxg4 hxg4 54.Kxg4 b1=Q 55.Rxb1 Rxd2 56.f4 Kd5 57.Rb6 Rg2+
58.Kf5 Rf2 59.Kg5 Ke4 60.Re6+ Kd5 61.f5 Rf1 62.Kg6 Rf2 63.Ra6 Ke5 64.f6 Rb2
65.f7 Rg2+ 66.Kh7 Rf2 67.Kg7 Rg2+ 68.Rg6 Kf5 69.f8=Q+  1-0

[Event "RUS-ch sf"]
[Site "Novosibirsk"]
[Date "1999.??.??"]
[Round "5"]
[White "Ivanov, Timur"]
[Black "Erikalov, A."]
[Result "0-1"]
[WhiteElo "2390"]
[BlackElo "2438"]

1.Nf3 d5 2.d4 Nf6 3.c4 c6 4.Nc3 e6 5.e3 Nbd7 6.Qc2 Bd6 7.Bd3 O-O 8.O-O a6
9.e4 dxc4 10.Bxc4 b5 11.Be2 e5 12.Rd1 Qc7 13.g3 Bb7 14.a3 Rfe8 15.Bg5 c5
16.dxe5 Bxe5 17.Nxe5 Qxe5 18.Bf4 Qe6 19.f3 Ne5 20.Be3 Rac8 21.Bf2 Qh3 22.Qd2 b4
23.Nd5 Nxd5 24.exd5 Rcd8 25.Qf4 Bxd5 26.axb4 Ng6 27.Qc7 Rc8 28.Qd6 Rxe2 29.Qxd5 cxb4
30.Rd2 Rxd2 31.Qxd2 h5 32.Qxb4 Rc2 33.Qe4 Rxb2 34.Rxa6 Kh7 35.Ra5 Rd2 36.Rd5 Ra2
37.Rd1 f5 38.Qd4 Re2 39.Rd2 Ne5 40.Qd5 Nxf3+ 41.Qxf3 Rxd2  0-1

[Event "RUS-ch sf"]
[Site "Novosibirsk"]
[Date "1999.??.??"]
[Round "5"]
[White "Belozerov, Andrei"]
[Black "Tolstikh, Nikolay"]
[Result "1/2-1/2"]
[WhiteElo "2437"]
[BlackElo "2405"]

1.c4 c6 2.Nc3 d5 3.d4 Nf6 4.e3 e6 5.Nf3 Nbd7 6.Bd3 Bd6 7.e4 dxe4 8.Nxe4 Nxe4
9.Bxe4 c5 10.O-O Qc7 11.b3 Nf6 12.Bc2 b6 13.Bb2 Bb7 14.dxc5 bxc5 15.Qe2 Qc6
16.Be5 O-O-O 17.Rad1 Be7 18.Rxd8+ Rxd8 19.Rd1 Rxd1+ 20.Qxd1 g6 21.Bd3 Nd7
22.Bc3 e5 23.Bf1 f6 24.Qd2 Bf8 25.Ne1 Qd6 26.Qc2 Bh6 27.a3 e4 28.b4 f5 29.Be2 Bf4
30.g3 Be5 31.Qd2 Qf6 32.Bxe5 Qxe5 33.Nc2 Qb2 34.bxc5 e3 35.fxe3 Nxc5 36.Qd4 Qc1+
37.Bf1 Ne4 38.Qh8+ Kc7 39.Qxh7+ Kc8 40.Qg8+ Kc7 41.Qf7+ Kc8 42.Qe8+  1/2-1/2

[Event "GER-ch U18"]
[Site "Oberhof"]
[Date "1999.??.??"]
[Round "5"]
[White "Buhmann, Rainer"]
[Black "Schneider, Henning"]
[Result "1/2-1/2"]
[WhiteElo "2301"]
[BlackElo "2168"]

1.d4 d5 2.c4 c6 3.Nf3 Nf6 4.e3 e6 5.Nc3 Ne4 6.Nxe4 dxe4 7.Nd2 f5 8.Be2 Bd6
9.b3 Nd7 10.Bb2 O-O 11.Qc2 Qe7 12.O-O-O Ba3 13.f4 exf3 14.Nxf3 b6 15.Bd3 Nf6
16.h3 Bb7 17.Bxa3 Qxa3+ 18.Kb1 Qe7 19.e4 fxe4 20.Bxe4 Nxe4 21.Qxe4 c5 22.d5 Rae8
23.Rhe1 Qf6 24.Qd3 exd5 25.Rxe8 Rxe8 26.cxd5 Rd8  1/2-1/2

[Event "CZE-ch op"]
[Site "Plzen"]
[Date "1999.??.??"]
[Round "?"]
[White "Pinc, Miroslav"]
[Black "Dolezal, Radoslav Sr"]
[Result "0-1"]
[WhiteElo "2140"]
[BlackElo "2035"]

1.d4 d5 2.Nf3 Nf6 3.c4 c6 4.Nc3 e6 5.e3 Bd6 6.Bd3 Nbd7 7.O-O O-O 8.e4 dxe4
9.Nxe4 Nxe4 10.Bxe4 h6 11.a3 Nf6 12.Bc2 b6 13.Qe2 Bb7 14.Rd1 Qc7 15.h3 c5
16.Be3 Rfd8 17.Rac1 Bf4 18.dxc5 bxc5 19.b4 Rxd1+ 20.Bxd1 Rd8 21.Bb3 Be4 22.Re1 Bxe3
23.fxe3 Bd3 24.Qb2 Ne4 25.Qe5 Qe7 26.b5 f6 27.Qb2 Ng3 28.Qf2 Qc7 29.a4 Ne4
30.Qh4 Qa5 31.Rd1 Qc3 32.Ba2 Qc2 33.Ra1 Nc3 34.Qf2 Be2 35.Kh2 Nxa2 36.Ng1 Nc3
37.Qe1 Rd1 38.Rxd1 Bxd1 39.Qg3 e5  0-1

[Event "CZE-ch op"]
[Site "Plzen"]
[Date "1999.??.??"]
[Round "?"]
[White "Polak, Tomas"]
[Black "Dolezal, Radoslav Jr"]
[Result "1-0"]
[WhiteElo "2488"]
[BlackElo "2285"]

1.d4 d5 2.c4 e6 3.Nf3 Nf6 4.Nc3 c6 5.e3 Nbd7 6.Qc2 Be7 7.Bd3 O-O 8.O-O b6
9.b3 Bb7 10.Bb2 Rc8 11.Rad1 Qc7 12.Qe2 Rfd8 13.Rfe1 c5 14.cxd5 Nxd5 15.Nxd5 Bxd5
16.e4 Bb7 17.d5 e5 18.Bc4 Bd6 19.Nh4 Nf8 20.Nf5 f6 21.Rd3 Kh8 22.Rg3 Rd7
23.Bb5 Rf7 24.Qh5 g6 25.Nh6 Rg7 26.Qe2 Nd7 27.h4 Nb8 28.a4 Rf8 29.h5 Bc8
30.hxg6 hxg6 31.Ng4 Qe7 32.Rd1 Rh7 33.Rdd3 Rff7 34.Rh3 Na6 35.Rdg3 Nc7 36.Bc6 Rxh3
37.Rxh3+ Rh7 38.Qf3 Bxg4 39.Qxg4 Rxh3 40.Qxh3+ Kg8 41.Bc1 Qf8 42.Bh6 Qd8
43.Be3 Qf8 44.Qd7 Qe7 45.Qc8+ Kf7 46.Qh8 Qf8 47.Qh7+ Qg7 48.Qh3 Qf8 49.Bd7 Kg8
50.Qg4 Kf7 51.Bc8 Qe7 52.Qh3 Kg8 53.Qg4 Kf7 54.Bd7 Qf8 55.Bc6 Qd8 56.Qh3 Qf8
57.g3 Kg8 58.Kg2 Qe7 59.Qc8+ Kf7 60.Qh8 Qf8 61.Qh7+ Qg7 62.Qh3 Qf8 63.f4 Kg8
64.Qg4 Kf7 65.Kf3 Qe7 66.Qh3 Kg8 67.Bd2 Qf8 68.Bc3 Qe7 69.Qc8+ Kf7 70.Qh8 Qf8
71.Qh3 a6 72.Ke3 Kg8 73.Qg4 Kf7 74.Kf3 Qe7 75.Qh3 Kg7 76.Bd7 b5 77.a5 Qd8
78.Qg4  1-0

[Event "Presov op"]
[Site "Presov"]
[Date "1999.??.??"]
[Round "5"]
[White "Lutsko, Igor"]
[Black "Pcola, Pavel"]
[Result "1/2-1/2"]
[WhiteElo "2386"]
[BlackElo "2360"]

1.d4 d5 2.c4 c6 3.Nf3 Nf6 4.Nc3 e6 5.e3 Nbd7 6.Qc2 Bd6 7.Be2 dxc4 8.Bxc4 O-O
9.O-O Qe7 10.Bd2 e5 11.h3 Bb8 12.Bb3 h6 13.Nh4 Rd8 14.Nf5 Qf8 15.Rad1 Nb6
16.dxe5 Bxe5 17.f4 Bc7 18.Ne4 Nxe4 19.Qxe4 Nd5 20.Bxd5 Bxf5 21.Qxf5 Rxd5
22.Qg4 Bb6 23.Bc1 Rad8 24.Kh2 Qe7 25.Rxd5 Rxd5 26.Re1 Rd8  1/2-1/2

[Event "Rakovnik op"]
[Site "Rakovnik"]
[Date "1999.??.??"]
[Round "?"]
[White "Cizinsky, Jiri"]
[Black "Pliva, Vojtech"]
[Result "1/2-1/2"]
[WhiteElo "1910"]
[BlackElo "2090"]

1.d4 d5 2.c4 c6 3.Nf3 Nf6 4.e3 e6 5.Nc3 Nbd7 6.Qc2 Bd6 7.b3 O-O 8.Bb2 b6
9.Be2 Bb7 10.O-O Rc8  1/2-1/2

[Event "Recklinghausen op"]
[Site "Recklinghausen"]
[Date "1999.??.??"]
[Round "5"]
[White "Lerner, Konstantin Z"]
[Black "Kishnev, Sergey"]
[Result "1-0"]
[WhiteElo "2585"]
[BlackElo "2495"]

1.d4 d5 2.c4 c6 3.Nf3 Nf6 4.Nc3 e6 5.e3 Nbd7 6.Qc2 Bd6 7.b3 O-O 8.Be2 b6
9.O-O Bb7 10.Bb2 Qc7 11.Rad1 dxc4 12.bxc4 e5 13.g3 Rfe8 14.Ng5 Bf8 15.Nge4 exd4
16.exd4 Rad8 17.Bc1 Nxe4 18.Nxe4 c5 19.d5 Qe5 20.Bf3 Qf5 21.Bg2 Kh8 22.f3 Ne5
23.f4 Nd7 24.h3 h5 25.Rf2 Nf6 26.Nxf6 Qxf6 27.Bb2 Qh6 28.Qc3 Bc8 29.Re1 Rxe1+
30.Qxe1 Bf5 31.Re2 Bd3 32.Re8 Qd6 33.Rxd8 Qxd8 34.Qd1 Bxc4 35.Qxh5+ Kg8 36.Be4  1-0